| 000 | 00718nam a22002417a 4500 | ||
|---|---|---|---|
| 001 | 9569 | ||
| 003 | FISKH | ||
| 005 | 20260123144624.0 | ||
| 008 | 260123b cb ||||| |||| 00| 0 eng d | ||
| 020 | _a9781861972781 | ||
| 040 |
_aFISKH _beng _cFISKH _dFISKH |
||
| 050 | _aBD438 .G74 | ||
| 082 | _a303.3 | ||
| 100 | _aGreene, Robert | ||
| 245 |
_aThe 48 laws of power / _cBy Robert Greene |
||
| 250 | _aThis paperback edition published in 2000 | ||
| 260 |
_aLondon : _bProfile Books, _c2021 . |
||
| 300 |
_a452 pages : _bcolor illustrations ; _c24 cm . |
||
| 650 |
_aNiccolo Machiavelli _vNon-fiction |
||
| 650 |
_aSelf-improvement _vNon-fiction |
||
| 700 |
_aElffers , Joost _eIllustrator |
||
| 942 |
_2ddc _cBK _n0 |
||
| 999 |
_c9569 _d9569 |
||